Ortodoncia interdisciplinar. (Registro nro. 4962)

000 -CABECERA
Campo de control de longitud fija 01374nam a22002657a 4500
003 - IDENTIFICADOR DEL NÚMERO DE CONTROL
Campo de control OSt
005 - FECHA Y HORA DE LA ÚLTIMA TRANSACCIÓN
Campo de control 20251112095202.0
008 - CÓDIGOS DE INFORMACIÓN DE LONGITUD FIJA
Campo de control de longitud fija 240411b2005 xxu||||| |||| 00| 0 spa d
020 ## - NÚMERO INTERNACIONAL NORMALIZADO PARA LIBROS (ISBN)
Número Internacional Normalizado para Libros (ISBN) 8484733017
040 ## - FUENTE DE LA CATALOGACIÓN
Centro que cataloga Bogotá (Dr. David Ordóñez Rueda) - Campus Norte
Centro catalogador de origen Unicoc
Lengua de catalogación spa
Centro modificador Bogotá (Dr. David Ordóñez Rueda) - Campus Norte
082 ## - NÚMERO DE LA CLASIFICACIÓN DECIMAL DEWEY
Número de clasificación 617.643
100 ## - PUNTO DE ACCESO PRINCIPAL - NOMBRE DE PERSONA
9 (RLIN) 696
Nombre de persona Varela, Margarita
Término indicativo de función Ed.
245 ## - MENCIÓN DE TÍTULO
Título Ortodoncia interdisciplinar.
Mención de responsabilidad etc. Margarita Varela (Ed.)
260 ## - PUBLICATION, DISTRIBUTION, ETC. (IMPRINT)
Lugar de publicación distribución etc. Barcelona (España);
Nombre del editor distribuidor etc. Editorial Océano / Ergon;
Fecha de publicación distribución etc. 2005.
300 ## - DESCRIPCIÓN FÍSICA
Extensión 433 Paginas. (Tomo 1); 769 p.(Tomo 2);
Otras características físicas il., fotografías a color, tablas, Rx;
Dimensiones 28 cm.
500 ## - NOTA GENERAL
Nota general Incluye índice general, índice de materias y referencias bibliograficas por capitulo.
505 ## - NOTA DE CONTENIDO CON FORMATO
Título Tomo 1: Ortodoncia y odontología conservadora y estética. --
-- Ortodoncia y periodoncia. --
-- Ortodoncia, endodoncia y traumatología dental. --
-- Ortodoncia y cirugía oral. --
-- Tomo 2: Ortodoncia y prostodoncia. --
-- Ortodoncia y disfunción craneomandibular. --
-- Ortodoncia y cirugía maxilofacial. --
-- Ortodoncia y genética. --
-- Ortodoncia y patología respiratoria asociada al sueño. --
-- La dimensión psicológica en ortodoncia.
526 ## - NOTA DE INFORMACIÓN SOBRE EL PROGRAMA DE ESTUDIO
Institución que aplica el campo Unicoc
546 ## - NOTA DE LENGUA
Nota de lengua Español
650 #0 - PUNTO DE ACCESO ADICIONAL DE MATERIA - TÉRMINO DE MATERIA
Término de materia o nombre geográfico como elemento inicial Cirugía dental
9 (RLIN) 56
Subdivisión de materia general Cirugía maxilofacial
650 #0 - PUNTO DE ACCESO ADICIONAL DE MATERIA - TÉRMINO DE MATERIA
Término de materia o nombre geográfico como elemento inicial Odontología estética
9 (RLIN) 159
650 #0 - PUNTO DE ACCESO ADICIONAL DE MATERIA - TÉRMINO DE MATERIA
Término de materia o nombre geográfico como elemento inicial Dientes incluidos
9 (RLIN) 4542
Subdivisión de forma Tratamiento
Subdivisión de materia general Exodoncias
650 #0 - PUNTO DE ACCESO ADICIONAL DE MATERIA - TÉRMINO DE MATERIA
9 (RLIN) 4361
Término de materia o nombre geográfico como elemento inicial Ortodoncia
942 ## - ENTRADA PARA ELEMENTOS AGREGADOS (KOHA)
Fuente de clasificación o esquema de ordenación en estanterías
Koha [por defecto] tipo de item Libro
Existencias
Enumeración de seriadas / cronología Estado de pérdida Número de ejemplar Fuente de adquisición No para préstamo Tipo de item de Koha Código de barras Fuente de clasificación o esquema de ordenación en estanterías Fecha del precio de reemplazo Signatura completa Préstamos totales Localización permanente Fecha de adquisición Fecha última consulta Estropeado Fecha último préstamo Localización actual
Volumen 1  Ej. 1  Libro0838 2014-05-21617.643/O789Biblioteca Cali (Dr. Jairo Forero Morales)2009-06-262025-10-21 2025-10-16Biblioteca Cali (Dr. Jairo Forero Morales)
Volumen 2  Ej. 1  Libro0839 2014-05-21617.643/O785Biblioteca Cali (Dr. Jairo Forero Morales)2009-06-262016-04-15 2016-04-14Biblioteca Cali (Dr. Jairo Forero Morales)
Volumen 1 Ej. 1  Libro12002 2017-01-26617.643 O78 2006 Bogotá (Dr. David Ordóñez Rueda) - Campus Norte2016-12-092017-01-26  Bogotá (Dr. David Ordóñez Rueda) - Campus Norte
Volumen 2 Ej. 2  Libro12003 2017-01-26617.643 O78 2006 Bogotá (Dr. David Ordóñez Rueda) - Campus Norte2016-12-092017-01-26  Bogotá (Dr. David Ordóñez Rueda) - Campus Norte

© 2014 UNICOC | Institución Universitaria Colegios de Colombia - UNICOC
Bogotá D.C. Autopista Norte Km. 20. Teléfono:(571)6683535
Cali: Calle 13 Norte No. 3N-13. Teléfono: (572)6608887

Con tecnología de Koha